Gramática y conocimiento del lenguaje

Uloženo v:
Podrobná bibliografie
Hlavní autoři: Alliende G., Felipe (Autor), Fuentes, Claudio (Autor)
Další autoři: Martínez Espinoza, Oriana (autora)
Médium: Kniha
Jazyk:španělština
Vydáno: Santiago Ministerio de Educación 2003
Vydání:1a. ed
Témata:
Tagy: Přidat tag
Žádné tagy, Buďte první, kdo vytvoří štítek k tomuto záznamu!

MARC

LEADER 00000cam a2200000 a 4500
001 UCK1883
003 CL-VaPUC
008 041210e20030800CL |||||||||||||||||spa|d
082 0 4 |a 415  |b ALL  |2 21 
100 0 |a Alliende G., Felipe  |e author  |9 489751 
700 |a Martínez Espinoza, Oriana  |e autora  |9 544832 
700 0 |a Fuentes, Claudio  |e author  |9 489753 
245 1 0 |a Gramática y conocimiento del lenguaje 
250 |a 1a. ed 
300 |a 142 p 
942 |c BK 
945 |d 20041210 00:00:00  |a vberengu 
260 |a Santiago  |b Ministerio de Educación  |c 2003 
650 0 |a Lingüística  |9 265068 
650 0 |a Gramática  |9 270497 
583 |a last modification  |c 20190913 09:47:50  |k Rodrigo Vera 
999 |c 311654  |d 311652 
952 |0 0  |1 0  |4 0  |6 415_000000000000000_ALL_2003  |7 0  |8 A  |9 381184  |a BIBEDU  |b BIBEDU  |d 2019-11-21  |i 4084462  |o 415 ALL 2003  |p 4084462  |r 2019-11-21  |w 2019-11-21  |y BK  |k EBA 
952 |0 0  |1 0  |4 0  |6 415_000000000000000_ALL_2003  |7 0  |8 A  |9 381185  |a BIBEDU  |b BIBEDU  |d 2019-11-21  |i 4092791  |o 415 ALL 2003  |p 4092791  |r 2019-11-21  |w 2019-11-21  |y BK  |k EBA 
952 |0 0  |1 0  |3 erb  |4 0  |6 415_000000000000000_ALL_2003  |7 0  |8 A  |9 381186  |a BIBEDU  |b BIBEDU  |i 5600715  |o 415 ALL 2003  |p 5600715  |r 2019-11-21  |w 2019-11-21  |y BK  |z Catalogado en:20190914  |k LIT